000 00922nam a2200265Ia 4500
003 GCL
008 140319s9999 xx 000 0 ara d
040 _aGCL /
_cGCL
082 0 4 _a327.11
_bا ا
100 1 _aاحمد صدقى الدجانى
245 1 0 _aازمة الخليج ومستقبل الشرق الاوسط /
_cاحمد صدقى الدجانى
700 1 _aسعدالدين ابراهيم
700 1 _aمركز ابن خلدون
700 1 _aحسن وجيه
260 _a[S.N] :
_bمركز ابن خلدون للدراسات الانمائية ،
_c1992
300 _a227 ص
490 _aسلسلة دراسات ازمة الخليج
_v0
650 0 4 _aالكويت
650 0 4 _aالعالم العربى
650 0 4 _aالعراق
650 0 4 _aالولايات المتحدة الامريكية
650 0 4 _aالشرق الاوسط
650 0 4 _aحرب الخليج
942 _2ddc
_cBK
999 _c28113
_d28113